الضوابط الجيومورفولوجية للمواقع الأثرية فى محافظة الفيوم بإستخدام نظم المعلومات الجغرافية والإستشعار عن بعد / (رقم التسجيلة. 173161)

تفاصيل مارك
000 -LEADER
fixed length control field 04410namaa22004211i 4500
003 - CONTROL NUMBER IDENTIFIER
control field OSt
005 - أخر تعامل مع التسجيلة
control field 20251022113201.0
008 - FIXED-LENGTH DATA ELEMENTS--GENERAL INFORMATION
fixed length control field 250723s2024 ua a|||frm||| 000 0 eng d
040 ## - CATALOGING SOURCE
Original cataloguing agency EG-GICUC
Language of cataloging ara
Transcribing agency EG-GICUC
Modifying agency EG-GICUC
Description conventions rda
041 0# - LANGUAGE CODE
Language code of text/sound track or separate title ara
Language code of summary or abstract ara
-- eng
049 ## - Acquisition Source
Acquisition Source إيداع
082 04 - DEWEY DECIMAL CLASSIFICATION NUMBER
Classification number 910.02
092 ## - LOCALLY ASSIGNED DEWEY CALL NUMBER (OCLC)
Classification number 910.02
Edition number 21
097 ## - Degree
Degree مــــاجستير
099 ## - LOCAL FREE-TEXT CALL NUMBER (OCLC)
Local Call Number Cai01.02.02.M.A.2024.نش.ض
100 0# - MAIN ENTRY--PERSONAL NAME
Authority record control number or standard number ،نشوى وحيد أحمد عبد المنعم
Preparation إعداد.
245 12 - TITLE STATEMENT
Title الضوابط الجيومورفولوجية للمواقع الأثرية فى محافظة الفيوم بإستخدام نظم المعلومات الجغرافية والإستشعار عن بعد /
Statement of responsibility, etc. اعداد الطالبة نشوى وحيد أحمد عبد المنعم؛ تحت إشراف أ.د / جوده فتحى التركمانى، أ.م.د/ محمد إبراهيم محمد خطاب.
246 15 - VARYING FORM OF TITLE
Title proper/short title Geomorphological controls of archaeological sites in fayoum governorate by using gis & rs /
264 #0 - PRODUCTION, PUBLICATION, DISTRIBUTION, MANUFACTURE, AND COPYRIGHT NOTICE
Date of production, publication, distribution, manufacture, or copyright notice 2024.
300 ## - PHYSICAL DESCRIPTION
Extent 271 صفحة :
Other physical details إيضاحيات ؛
Dimensions 25 cm. +
Accompanying material CD.
336 ## - CONTENT TYPE
Content type term text
Source rda content
337 ## - MEDIA TYPE
Media type term Unmediated
Source rdamedia
338 ## - CARRIER TYPE
Carrier type term volume
Source rdacarrier
502 ## - DISSERTATION NOTE
Dissertation note أطروحة (ماجستير)-جامعة القاهرة، 2024.
504 ## - BIBLIOGRAPHY, ETC. NOTE
Bibliography, etc. note ببليوجرافيا: صفحات 256-271.
520 ## - SUMMARY, ETC.
Summary, etc. تقع منطقة الدراسة غرب وادى النيل، بين خطى طول ً22.8 َ51 ْ29 ، ً33.6 ً7 ْ31 شرقاً، ودائرتى عرض ً55.5 َ57 28 ْ ، ً41.1 َ43 ْ29 شمالا، بمساحة تبلع حوالى 5852.12كم2. وتضم هذه الدراسة خمس فصول، ويتناول الفصل الأول الضوابط الطبيعية و البشرية لمنطقة الدراسة، وقد اشار الفصل الثاني للاشكال والوحدات الجيومورفولوجية بالمواقع الأثرية ،وقد تناول الفصل الثالث دور وتأثير عمليات التجوية في تدهور المواقع الأثرية، ومن ثم في الفصل الرابع يوضح نشاط عمليات الارساب والنحت وأثرهم علي تلك المواقع ، ويتناول الفصل الخامس وضع قواعد بيانات جغرافية للمواقع الأثرية، ونماذج تاريخية لإغلب المواقع الأثرية بمنطقة الدراسة، وتطبيق تحليل SWOT لتحددي نقاط القوى و الضعف بمنطقة الدراسة.
520 ## - SUMMARY, ETC.
Summary, etc. The study area is located in the west of the Nile Valley, between longitudes 22.8 ً 51 َ 29 ْ and 33.6 ً 7 َ 31 ْ east, and latitudes 55.5 ً 57 َ 28° and 41.1 ً 43 َ 29° north, with an area covering about 5852.12 km2. This study includes five chapters. The first chapter deals with the natural and human controls of the study area. The second chapter referred to the forms and geomorphological units of archaeological sites. The third chapter dealt with the role and impact of weathering processes on the deterioration of archaeological sites, and then in the fourth chapter it explains the activity of sedimentation processes. And sculpture and their impact on those sites. The fifth chapter deals with developing geographical databases for archaeological sites, historical models for most of the archaeological sites in the study area, and applying SWOT analysis to determine the strengths and weaknesses of the study area.
530 ## - ADDITIONAL PHYSICAL FORM AVAILABLE NOTE
Issues CD صدر أيضًا كقرص مدمج.
546 ## - LANGUAGE NOTE
Text Language النص بالعربية والملخص باللغة الإنجليزية والعربية.
650 #7 - SUBJECT ADDED ENTRY--TOPICAL TERM
Topical term or geographic name entry element الجغرافيا الطبيعية
Source of heading or term qrmak
653 #0 - INDEX TERM--UNCONTROLLED
Uncontrolled term الجيومورفولوجية
-- المواقع الأثرية
-- حضارة الفيوم (أ)، (ب)
-- مناخ قديم
700 0# - ADDED ENTRY--PERSONAL NAME
Personal name جوده فتحى التركمانى
Relator term مشرف أطروحة.
700 0# - ADDED ENTRY--PERSONAL NAME
Personal name محمد إبراهيم محمد خطاب
Relator term مشرف أطروحة.
900 ## - Thesis Information
Grant date 01-01-2024
Supervisory body جوده فتحى التركمانى
-- محمد إبراهيم محمد خطاب
Discussion body السيد السيد الحسينى
-- عادل عبد المنعم السعدنى
Universities جامعة القاهرة
Faculties كلية الآداب
Department قسم الجيومورفولوجيا التطبيقية
905 ## - Cataloger and Reviser Names
Cataloger Name Sara Salah
Reviser Names Afaf
942 ## - ADDED ENTRY ELEMENTS (KOHA)
Source of classification or shelving scheme Dewey Decimal Classification
Koha item type Thesis
Edition 21
Suppress in OPAC No
المقتنيات
Source of classification or shelving scheme Home library Current library Date acquired Inventory number Full call number Barcode Date last seen Effective from Koha item type
Dewey Decimal Classification المكتبة المركزبة الجديدة - جامعة القاهرة قاعة الرسائل الجامعية - الدور الاول 23.07.2025 32279 Cai01.02.02.M.A.2024.نش.ض 01010100032279000 23.07.2025 23.07.2025 Thesis
Cairo University Libraries Portal Implemented & Customized by: Eng. M. Mohamady Contacts: new-lib@cl.cu.edu.eg | cnul@cl.cu.edu.eg
CUCL logo CNUL logo
© All rights reserved — Cairo University Libraries
CUCL logo
Implemented & Customized by: Eng. M. Mohamady Contact: new-lib@cl.cu.edu.eg © All rights reserved — New Central Library
CNUL logo
Implemented & Customized by: Eng. M. Mohamady Contact: cnul@cl.cu.edu.eg © All rights reserved — Cairo National University Library